000 00506nam a2200181Ia 4500
005 20250508152303.0
008 008 250505s9999 xx 000 0 eng d
037 _aTextual
040 _aFEDL
_beng
_cFEDL
041 _aeng
_2eng
084 _a801.9, CEC
_qFEDL
100 _aCecil David
245 0 _aFine art of reading and other literary studies
260 _aLondon, UK
_bConstable Publishers
_c1957
300 _aix,221p.
942 _cTEXL
_h801.9, CEC
999 _c1335516
_d1335516